[Event "Zonal 2.5 Masculino Chile"]
[Site "Santiago de Chile CHI"]
[Date "2005.11.07"]
[Round "1.2"]
[White "Flores, Diego"]
[Black "Valdes, Alvaro"]
[Result "1-0"]
[WhiteElo "2479"]
[BlackElo "2254"]
[PlyCount "99"]
[EventDate "2005.11.07"]
[EventType "swiss"]
[EventRounds "9"]
[EventCountry "CHI"]
[Source "lmi"]
[SourceDate "2005.11.13"]

1. Nf3 Nf6 2. c4 b6 3. g3 Bb7 4. Bg2 e6 5. O-O Be7 6. b3 O-O 7. Bb2 c5 8. Nc3
d6 9. d4 Nbd7 10. d5 exd5 11. Nh4 Re8 12. Nf5 Bf8 13. Ne3 Qe7 14. Ncxd5 Nxd5
15. Bxd5 Bxd5 16. Qxd5 Qe6 17. Rad1 Qxd5 18. Rxd5 a6 19. Bc3 b5 20. Ba5 Nf6 21.
Rd3 Re6 22. Rfd1 Ne8 23. Kf1 g6 24. Nd5 Rc8 25. g4 h6 26. f3 Be7 27. Nxe7+ Rxe7
28. Bd2 g5 29. Kf2 Kg7 30. h4 f6 31. Bc3 bxc4 32. bxc4 Rb8 33. Rh1 Kg6 34. Rdd1
a5 35. hxg5 hxg5 36. Rh8 Rh7 37. Bxf6 Rxh8 38. Bxh8 Rb4 39. Rc1 Nc7 40. Rc2 a4
41. Bb2 Kf7 42. Ba3 Rb8 43. Rb2 Rxb2 44. Bxb2 Ke6 45. Bc1 Kf6 46. Ke3 d5 47.
cxd5 Nxd5+ 48. Kd3 Nb4+ 49. Kc4 Nxa2 50. Bd2 1-0

[Event "Zonal 2.5 Masculino Chile"]
[Site "Santiago de Chile CHI"]
[Date "2005.11.07"]
[Round "1.3"]
[White "Diaz, Robert"]
[Black "Giaccio, Alfredo"]
[Result "1/2-1/2"]
[WhiteElo "2250"]
[BlackElo "2468"]
[PlyCount "57"]
[EventDate "2005.11.07"]
[EventType "swiss"]
[EventRounds "9"]
[EventCountry "CHI"]
[Source "lmi"]
[SourceDate "2005.11.13"]

1. e4 e6 2. d4 d5 3. e5 c5 4. c3 Nc6 5. Nf3 Bd7 6. a3 Nge7 7. Bd3 cxd4 8. cxd4
Qb6 9. Bc2 Qa6 10. Bd3 Qb6 11. Bc2 Nf5 12. Bxf5 exf5 13. Nc3 Be6 14. b4 Qd8 15.
h4 h6 16. Ne2 a5 17. b5 Na7 18. a4 Nc8 19. Nf4 Nb6 20. h5 Nc4 21. Kf1 Qd7 22.
Ne1 Be7 23. Ned3 b6 24. Qf3 O-O-O 25. Rh3 Kb8 26. Kg1 Rhe8 27. Rg3 Bf8 28. Qd1
Rc8 29. Kh1 1/2-1/2

[Event "Zonal 2.5 Masculino Chile"]
[Site "Santiago de Chile CHI"]
[Date "2005.11.07"]
[Round "1.5"]
[White "Pierrot, Juan Facundo"]
[Black "Sepulveda, Jorge"]
[Result "1-0"]
[WhiteElo "2445"]
[BlackElo "2241"]
[PlyCount "71"]
[EventDate "2005.11.07"]
[EventType "swiss"]
[EventRounds "9"]
[EventCountry "CHI"]
[Source "lmi"]
[SourceDate "2005.11.13"]

1. e4 c5 2. Nf3 Nc6 3. d4 cxd4 4. Nxd4 Nf6 5. Nc3 d6 6. Bc4 Qb6 7. Ndb5 a6 8.
Be3 Qa5 9. Nd4 e6 10. O-O Ne5 11. Be2 Be7 12. f4 Ng6 13. Qe1 O-O 14. Qg3 Nh5
15. Bxh5 Qxh5 16. f5 Bh4 17. Qf3 Qxf3 18. Nxf3 exf5 19. exf5 Bxf5 20. Nxh4 Nxh4
21. Bg5 Bxc2 22. Bxh4 Rfe8 23. Rfe1 f6 24. Bg3 Kf7 25. Bxd6 Rad8 26. Rxe8 Rxe8
27. Bg3 b5 28. Rc1 Bf5 29. a3 Bg4 30. h3 Bh5 31. Nd5 Rd8 32. Nf4 Rd1+ 33. Rxd1
Bxd1 34. Kf2 Bb3 35. Nd3 Bd5 36. b4 1-0

[Event "Zonal 2.5 Masculino Chile"]
[Site "Santiago de Chile CHI"]
[Date "2005.11.07"]
[Round "1.5"]
[White "Romero, Claudio"]
[Black "Rojas, Luis"]
[Result "0-1"]
[WhiteElo "2226"]
[BlackElo "2435"]
[PlyCount "74"]
[EventDate "2005.11.07"]
[EventType "swiss"]
[EventRounds "9"]
[EventCountry "CHI"]
[Source "lmi"]
[SourceDate "2005.11.13"]

1. d4 Nf6 2. c4 g6 3. Nc3 d5 4. Nf3 Bg7 5. Bg5 c6 6. e3 O-O 7. cxd5 Nxd5 8. Qb3
Nb6 9. Be2 Be6 10. Qc2 Bf6 11. Bxf6 exf6 12. O-O N8d7 13. Rfd1 Re8 14. Rac1 Nd5
15. Nxd5 Bxd5 16. Nd2 f5 17. Bf3 Nf6 18. Bxd5 Nxd5 19. Nc4 Re6 20. Ne5 Qe7 21.
g3 h5 22. a3 h4 23. Qe2 hxg3 24. hxg3 Kg7 25. Re1 Nf6 26. Qf3 Ne4 27. Kg2 Ng5
28. Qd1 Rd8 29. Qb3 Red6 30. Qc2 Rd5 31. Nf3 Ne4 32. Rcd1 Qe6 33. Ne5 Ng5 34.
Nf3 Nxf3 35. Kxf3 c5 36. dxc5 Qc6 37. Rxd5 Rxd5 0-1

[Event "Zonal 2.5 Masculino Chile"]
[Site "Santiago de Chile CHI"]
[Date "2005.11.07"]
[Round "1.6"]
[White "Lafuente, Pablo"]
[Black "Vargas, Ivan"]
[Result "1-0"]
[WhiteElo "2421"]
[BlackElo "2213"]
[PlyCount "75"]
[EventDate "2005.11.07"]
[EventType "swiss"]
[EventRounds "9"]
[EventCountry "CHI"]
[Source "lmi"]
[SourceDate "2005.11.13"]

1. d4 Nf6 2. c4 e6 3. g3 d5 4. Nf3 dxc4 5. Bg2 c5 6. Qa4+ Bd7 7. Qxc4 Nc6 8.
dxc5 Qa5+ 9. Nc3 Qxc5 10. Qxc5 Bxc5 11. Bf4 e5 12. Nxe5 Bxf2+ 13. Kxf2 Nxe5 14.
Bxb7 Nfg4+ 15. Kg2 Rb8 16. Bd5 Rxb2 17. Rab1 Rxb1 18. Rxb1 Nc6 19. Rb7 Kd8 20.
Ne4 Re8 21. Bc7+ Ke7 22. Kg1 Ne3 23. Bd6+ Kd8 24. Nc5 Nxd5 25. Rxd7+ Kc8 26.
Rxf7 Rxe2 27. a4 g5 28. Rxh7 g4 29. h3 gxh3 30. Rxh3 Nf6 31. Rh6 Ng4 32. Rg6
Nge5 33. Rg8+ Nd8 34. Rf8 Re3 35. Kf2 Nc4 36. Bf4 Re7 37. Bg5 Rf7+ 38. Kg1 1-0

[Event "Zonal 2.5 Masculino Chile"]
[Site "Santiago de Chile CHI"]
[Date "2005.11.07"]
[Round "1.7"]
[White "San Martin, Epiro"]
[Black "Arancibia, Eduardo"]
[Result "0-1"]
[WhiteElo "2193"]
[BlackElo "2414"]
[PlyCount "72"]
[EventDate "2005.11.07"]
[EventType "swiss"]
[EventRounds "9"]
[EventCountry "CHI"]
[Source "lmi"]
[SourceDate "2005.11.13"]

1. d4 d5 2. Nf3 Nf6 3. Bf4 c5 4. c3 Qb6 5. Qb3 c4 6. Qc2 Nc6 7. Nbd2 Bg4 8. h3
Bh5 9. e3 e6 10. Be2 Qa5 11. O-O Bg6 12. Qc1 h6 13. Ne5 Nxe5 14. Bxe5 Nd7 15.
Bh2 Be7 16. e4 O-O 17. Bf3 Bg5 18. Re1 Rac8 19. Bd6 Rfe8 20. Bb4 Qb5 21. exd5
exd5 22. g3 a5 23. a4 Qb6 24. Ba3 Nf6 25. h4 Rxe1+ 26. Qxe1 Re8 27. Qd1 Bxd2
28. Qxd2 Qc6 29. Bd1 Qe6 30. Bf3 Be4 31. Re1 Qh3 32. Bxe4 dxe4 33. Qf4 Re6 34.
d5 Nxd5 35. Qb8+ Kh7 36. Qxb7 Nf4 0-1

[Event "Zonal 2.5 Masculino Chile"]
[Site "Santiago de Chile CHI"]
[Date "2005.11.07"]
[Round "1.8"]
[White "Labollita, Martin"]
[Black "Torres, Cristobal"]
[Result "1-0"]
[WhiteElo "2408"]
[BlackElo "2190"]
[PlyCount "71"]
[EventDate "2005.11.07"]
[EventType "swiss"]
[EventRounds "9"]
[EventCountry "CHI"]
[Source "lmi"]
[SourceDate "2005.11.13"]

1. Nf3 Nf6 2. c4 c6 3. b3 d5 4. e3 g6 5. Bb2 Bg7 6. Be2 dxc4 7. bxc4 Qb6 8. Qc1
Nbd7 9. O-O O-O 10. d4 Ne4 11. Bd3 Nec5 12. Bc2 Na6 13. Nc3 Nb4 14. Bb1 e5 15.
a3 Na6 16. Ba2 Qa5 17. Ne4 h6 18. c5 exd4 19. Bxd4 Nc7 20. Rd1 Ne8 21. Bxg7
Kxg7 22. Qb2+ Kh7 23. h4 Qd8 24. Nd6 Qe7 25. h5 gxh5 26. Nxc8 Rxc8 27. Qxb7 Rc7
28. Qb1+ Kh8 29. Qb2+ Qf6 30. Qxf6+ Nexf6 31. Rac1 Ne4 32. Rc4 Nexc5 33. Rd6
Kg7 34. Nd4 Rfc8 35. Nf5+ Kf8 36. Rxh6 1-0

[Event "Zonal 2.5 Masculino Chile"]
[Site "Santiago de Chile CHI"]
[Date "2005.11.07"]
[Round "1.9"]
[White "Silva, Rodolfo"]
[Black "Duarte, Leonardo"]
[Result "0-1"]
[WhiteElo "2170"]
[BlackElo "2397"]
[PlyCount "66"]
[EventDate "2005.11.07"]
[EventType "swiss"]
[EventRounds "9"]
[EventCountry "CHI"]
[Source "lmi"]
[SourceDate "2005.11.13"]

1. e4 c5 2. Nf3 e6 3. d4 cxd4 4. Nxd4 Nc6 5. Be3 Qc7 6. Nd2 Nf6 7. Be2 d5 8. f3
a6 9. N4b3 Bd6 10. g3 h5 11. c4 dxe4 12. f4 h4 13. c5 Be7 14. g4 Nd5 15. Kf2 g5
16. Nxe4 Nxe3 17. Nd6+ Bxd6 18. Qxd6 Qxd6 19. cxd6 gxf4 20. Rac1 O-O 21. Nc5
Rd8 22. Ne4 Kg7 23. Rc5 e5 24. h3 Be6 25. Rhc1 Bd5 26. Bd3 Bxe4 27. Bxe4 Rxd6
28. Bxc6 Rxc6 29. Rxc6 bxc6 30. Rxc6 Rd8 31. Ke2 e4 32. Rxa6 Nxg4 33. hxg4 h3
0-1

[Event "Zonal 2.5 Masculino Chile"]
[Site "Santiago de Chile CHI"]
[Date "2005.11.07"]
[Round "1.10"]
[White "Needleman, Alejandro"]
[Black "Richter Becerra, Hans"]
[Result "1/2-1/2"]
[WhiteElo "2377"]
[BlackElo "2144"]
[PlyCount "73"]
[EventDate "2005.11.07"]
[EventType "swiss"]
[EventRounds "9"]
[EventCountry "CHI"]
[Source "lmi"]
[SourceDate "2005.11.13"]

1. e4 c5 2. Nf3 e6 3. d3 Nc6 4. Be2 Nf6 5. O-O d5 6. Nbd2 Be7 7. c3 Qc7 8. a3
b6 9. b4 a6 10. Re1 O-O 11. Bf1 dxe4 12. dxe4 Nd7 13. Nc4 b5 14. Ne3 Bf6 15.
Qb3 g6 16. Ng4 Bg7 17. Bh6 Nce5 18. Nfxe5 Nxe5 19. Nxe5 Qxe5 20. Bxg7 Kxg7 21.
bxc5 Qxc5 22. e5 Bb7 23. c4 Bc6 24. Rec1 Qe7 25. c5 Bd5 26. Qe3 Rfc8 27. Rc3
Rab8 28. Rb1 Rc6 29. Be2 Rbc8 30. Rbc1 Rb8 31. Qd2 h6 32. f4 Rd8 33. Qe3 Rb8
34. Bf3 Bxf3 35. Qxf3 Rbc8 36. Qe3 Rd8 37. h3 1/2-1/2

[Event "Zonal 2.5 Masculino Chile"]
[Site "Santiago de Chile CHI"]
[Date "2005.11.07"]
[Round "1.11"]
[White "Maturana, Ignacio"]
[Black "Flores, Mauricio"]
[Result "0-1"]
[WhiteElo "2096"]
[BlackElo "2314"]
[PlyCount "102"]
[EventDate "2005.11.07"]
[EventType "swiss"]
[EventRounds "9"]
[EventCountry "CHI"]
[Source "lmi"]
[SourceDate "2005.11.13"]

1. e4 c5 2. Nc3 e6 3. Bc4 Ne7 4. d3 d5 5. Bb5+ Nbc6 6. Bg5 f6 7. Bh4 d4 8.
Bxc6+ Nxc6 9. Nce2 e5 10. f4 Qa5+ 11. Kf1 Bd6 12. Bg3 O-O 13. Nf3 Qc7 14. f5 b5
15. Be1 Bd7 16. h4 c4 17. h5 h6 18. Rh3 cxd3 19. cxd3 Be8 20. Rc1 Bf7 21. Bd2
Kh7 22. g4 Rac8 23. b3 Ba3 24. Rc2 Qd7 25. Ne1 Nb4 26. Rxc8 Rxc8 27. Bc1 Bxc1
28. Nxc1 Qc6 29. a3 Qxc1 30. Qxc1 Rxc1 31. axb4 Bxb3 32. Rh2 Rb1 33. Rd2 Ba4
34. Ra2 Rxb4 35. Ra1 Rb3 36. Rc1 Rc3 37. Ra1 Kg8 38. Ke2 Kf7 39. Rb1 Ke7 40.
Kd2 Kd6 41. Nf3 Kc5 42. Nh4 b4 43. Ng6 Bb5 44. Nf8 Rxd3+ 45. Ke1 Bc4 46. Ne6+
Bxe6 47. fxe6 Kd6 48. Rxb4 Kxe6 49. Ra4 Re3+ 50. Kd2 Rxe4 51. Ra6+ Kd5 0-1

[Event "Zonal 2.5 Masculino Chile"]
[Site "Santiago de Chile CHI"]
[Date "2005.11.07"]
[Round "1.13"]
[White "Bartucevic, Diego"]
[Black "Rios, Adan"]
[Result "1-0"]
[WhiteElo "2053"]
[BlackElo "2259"]
[PlyCount "97"]
[EventDate "2005.11.07"]
[EventType "swiss"]
[EventRounds "9"]
[EventCountry "CHI"]
[Source "lmi"]
[SourceDate "2005.11.13"]

1. e4 c5 2. d3 Nc6 3. f4 e5 4. fxe5 Nxe5 5. Nf3 Bd6 6. d4 Nxf3+ 7. Qxf3 cxd4 8.
Bc4 Nf6 9. O-O O-O 10. Bg5 Be5 11. Nd2 d6 12. Bb3 h6 13. Bf4 Qe7 14. Rae1 b6
15. Nc4 Ba6 16. Nxe5 dxe5 17. Bxh6 Bxf1 18. Bxg7 Kxg7 19. Qg3+ Kh8 20. Qh4+ Kg7
21. Qg5+ Kh7 22. Rxf1 Ng8 23. Qf5+ Kg7 24. Qg4+ Kh7 25. Qf5+ Kh8 26. Qh5+ Kg7
27. Qg4+ Kh6 28. Rf3 Qg5 29. Qh3+ Qh5 30. Qd7 Nf6 31. Rxf6+ Kg7 32. Rf3 Rfd8
33. Rxf7+ Kh8 34. Qe7 Qd1+ 35. Rf1 Qh5 36. Qf6+ Kh7 37. Rf3 Rg8 38. Be6 Rg6 39.
Bf5 Rag8 40. Qxe5 Kh6 41. Qf4+ Qg5 42. Bxg6 Qxf4 43. Rxf4 Rxg6 44. e5 Kg5 45.
Rxd4 Kf5 46. Rd7 Rc6 47. c3 Kxe5 48. Rxa7 Rd6 49. Re7+ 1-0

[Event "Zonal 2.5 Masculino Chile"]
[Site "Santiago de Chile CHI"]
[Date "2005.11.08"]
[Round "2.1"]
[White "Vasquez, Rodrigo"]
[Black "Labollita, Martin"]
[Result "1-0"]
[WhiteElo "2506"]
[BlackElo "2408"]
[PlyCount "125"]
[EventDate "2005.11.07"]
[EventType "swiss"]
[EventRounds "9"]
[EventCountry "CHI"]
[Source "lmi"]
[SourceDate "2005.11.13"]

1. d4 d5 2. c4 c6 3. Nf3 Nf6 4. cxd5 cxd5 5. Nc3 a6 6. Bf4 Nc6 7. Rc1 Bf5 8. e3
Rc8 9. Be2 e6 10. O-O Bd6 11. Bg5 h6 12. Bh4 O-O 13. a3 Qe7 14. Bd3 Bxd3 15.
Qxd3 Qd8 16. Rfd1 Be7 17. Bxf6 Bxf6 18. b4 a5 19. b5 Na7 20. a4 Qd7 21. Nd2 Qe7
22. Na2 Rxc1 23. Rxc1 Rc8 24. Rxc8+ Nxc8 25. Qc3 Qd8 26. Nc1 Be7 27. Nd3 Nd6
28. g3 h5 29. Ne5 Nf5 30. Nd3 Bd6 31. Nb3 b6 32. Nbc1 h4 33. Ne2 Qg5 34. Ne1
Qg4 35. Qc8+ Bf8 36. Nf4 Qd1 37. Kf1 Qxa4 38. Nxe6 Qxb5+ 39. Kg1 fxe6 40. Qxe6+
Kh8 41. Qxf5 Be7 42. Nd3 Qb1+ 43. Kg2 Bf6 44. Qh5+ Kg8 45. Qxd5+ Kh8 46. Nf4
hxg3 47. hxg3 Qb4 48. Qf7 a4 49. Nd5 Qb3 50. Qh5+ Kg8 51. Nxf6+ gxf6 52. Qg6+
Kf8 53. Qxf6+ Ke8 54. Qe5+ Kd7 55. d5 a3 56. Qe6+ Kd8 57. Qd6+ Ke8 58. Qc6+ Kf7
59. Qb7+ Kf6 60. d6 a2 61. Qe7+ Kg6 62. d7 Qd5+ 63. e4 1-0

[Event "Zonal 2.5 Masculino Chile"]
[Site "Santiago de Chile CHI"]
[Date "2005.11.08"]
[Round "2.2"]
[White "Arancibia, Eduardo"]
[Black "Flores, Diego"]
[Result "0-1"]
[WhiteElo "2414"]
[BlackElo "2479"]
[PlyCount "74"]
[EventDate "2005.11.07"]
[EventType "swiss"]
[EventRounds "9"]
[EventCountry "CHI"]
[Source "lmi"]
[SourceDate "2005.11.13"]

1. e4 c5 2. Nf3 e6 3. d4 cxd4 4. Nxd4 a6 5. Bd3 g6 6. O-O Bg7 7. c3 d5 8. Nd2
Ne7 9. exd5 Nxd5 10. N2f3 O-O 11. Re1 Qc7 12. a4 b6 13. Bg5 Bb7 14. Qd2 e5 15.
Nb3 f6 16. Bh6 Bxh6 17. Qxh6 Nf4 18. Be4 Bxe4 19. Rxe4 Nc6 20. g3 Nd3 21. Re2
f5 22. Qe3 e4 23. Nfd4 Nxd4 24. Nxd4 Rae8 25. f4 Qc4 26. Rc2 b5 27. a5 Rc8 28.
Rf1 b4 29. cxb4 Qxb4 30. Rxc8 Rxc8 31. g4 Qxa5 32. gxf5 gxf5 33. Kh1 Qd5 34.
Rg1+ Kf7 35. Rg5 Rc1+ 36. Kg2 Re1 37. Nxf5 Rxe3 0-1

[Event "Zonal 2.5 Masculino Chile"]
[Site "Santiago de Chile CHI"]
[Date "2005.11.08"]
[Round "2.3"]
[White "Duarte, Leonardo"]
[Black "Pierrot, Juan Facundo"]
[Result "0-1"]
[WhiteElo "2397"]
[BlackElo "2445"]
[PlyCount "60"]
[EventDate "2005.11.07"]
[EventType "swiss"]
[EventRounds "9"]
[EventCountry "CHI"]
[Source "lmi"]
[SourceDate "2005.11.13"]

1. e4 c5 2. Nf3 e6 3. d4 cxd4 4. Nxd4 Nf6 5. Nc3 Nc6 6. Ndb5 Bb4 7. a3 Bxc3+ 8.
Nxc3 d5 9. exd5 exd5 10. Bd3 O-O 11. O-O Bg4 12. f3 Bh5 13. Qe2 Re8 14. Qf2 d4
15. Ne2 Qb6 16. b4 Bg6 17. Bxg6 hxg6 18. Bb2 d3 19. Nd4 Ne5 20. Nb3 dxc2 21.
Qxb6 axb6 22. Bxe5 Rxe5 23. Nd4 Rd8 24. Nxc2 Re2 25. Ne1 Rdd2 26. Kh1 Nd5 27.
Rc1 Nf4 28. Rg1 Kh7 29. h4 Rf2 30. Rc4 Ne2 0-1

[Event "Zonal 2.5 Masculino Chile"]
[Site "Santiago de Chile CHI"]
[Date "2005.11.08"]
[Round "2.4"]
[White "Rojas, Luis"]
[Black "Bartucevic, Diego"]
[Result "1-0"]
[WhiteElo "2435"]
[BlackElo "2053"]
[PlyCount "37"]
[EventDate "2005.11.07"]
[EventType "swiss"]
[EventRounds "9"]
[EventCountry "CHI"]
[Source "lmi"]
[SourceDate "2005.11.13"]

1. e4 c5 2. Nf3 Nf6 3. Nc3 Nc6 4. d4 d5 5. exd5 Nxd5 6. Bb5 Nxc3 7. bxc3 cxd4
8. Nxd4 Bd7 9. O-O e6 10. Qg4 h5 11. Qe4 Rc8 12. Rb1 a6 13. Nxc6 Bxc6 14. Bxc6+
bxc6 15. Bf4 Bc5 16. Qe5 Qe7 17. Qxg7 Qf8 18. Qe5 Rg8 19. Rb8 1-0

[Event "Zonal 2.5 Masculino Chile"]
[Site "Santiago de Chile CHI"]
[Date "2005.11.08"]
[Round "2.7"]
[White "Henriquez, Mauricio"]
[Black "Needleman, Alejandro"]
[Result "0-1"]
[WhiteElo "2090"]
[BlackElo "2377"]
[PlyCount "62"]
[EventDate "2005.11.07"]
[EventType "swiss"]
[EventRounds "9"]
[EventCountry "CHI"]
[Source "lmi"]
[SourceDate "2005.11.13"]

1. Nf3 Nf6 2. g3 g6 3. Bg2 Bg7 4. O-O O-O 5. c4 d6 6. Nc3 e5 7. d4 Nbd7 8. dxe5
dxe5 9. Qc2 c6 10. h3 Qe7 11. Be3 Nc5 12. Nd2 Bf5 13. Bxc5 Qxc5 14. e4 Be6 15.
Ne2 Rfd8 16. Rac1 Bh6 17. Nb3 Qb6 18. Rcd1 Qb4 19. Rc1 Bxc1 20. Rxc1 a5 21. a3
Qb6 22. Qc3 Nd7 23. Nd2 Nc5 24. Qe3 Rd3 25. Qh6 Rad8 26. Rc2 f6 27. Nc1 R3d7
28. Qe3 Na4 29. c5 Nxc5 30. Nc4 Bxc4 31. Rxc4 Na4 0-1

[Event "Zonal 2.5 Masculino Chile"]
[Site "Santiago de Chile CHI"]
[Date "2005.11.08"]
[Round "2.8"]
[White "Richter Becerra, Hans"]
[Black "Avalos, Joao"]
[Result "1/2-1/2"]
[WhiteElo "2144"]
[BlackElo "2268"]
[PlyCount "78"]
[EventDate "2005.11.07"]
[EventType "swiss"]
[EventRounds "9"]
[EventCountry "CHI"]
[Source "lmi"]
[SourceDate "2005.11.13"]

1. d4 e6 2. c4 Nf6 3. g3 c5 4. d5 exd5 5. cxd5 d6 6. Nc3 g6 7. Bg2 Bg7 8. Nf3
O-O 9. O-O Re8 10. Re1 a6 11. a4 Bg4 12. Nd2 Qc7 13. h3 Bc8 14. Nc4 Nbd7 15.
Bf4 Bf8 16. e4 Nh5 17. Be3 Nb6 18. Na3 Nd7 19. Nc4 Rb8 20. a5 b5 21. axb6 Nxb6
22. Na5 Nd7 23. Qc2 Bg7 24. Kh2 Rb4 25. f4 Qb6 26. Ra2 Bb7 27. Nc6 Qc7 28. e5
dxe5 29. Bxc5 Nxc5 30. Nxb4 Rc8 31. f5 Qd6 32. Ne4 Nxe4 33. Qxe4 gxf5 34. Qxf5
Qxb4 35. Rf1 Nf6 36. g4 Qb3 37. Raa1 Rf8 38. g5 Nxd5 39. Be4 Nf6 1/2-1/2

[Event "Zonal 2.5 Masculino Chile"]
[Site "Santiago de Chile CHI"]
[Date "2005.11.08"]
[Round "2.9"]
[White "Rios, Adan"]
[Black "Diaz, Robert"]
[Result "1-0"]
[WhiteElo "2259"]
[BlackElo "2250"]
[PlyCount "105"]
[EventDate "2005.11.07"]
[EventType "swiss"]
[EventRounds "9"]
[EventCountry "CHI"]
[Source "lmi"]
[SourceDate "2005.11.13"]

1. e4 e6 2. d4 d5 3. Nc3 Bb4 4. e5 Ne7 5. a3 Bxc3+ 6. bxc3 c5 7. Qg4 Kf8 8. a4
Qa5 9. Bd2 c4 10. h4 Nd7 11. h5 h6 12. Rh3 Nb6 13. Qf4 Bd7 14. Rf3 Be8 15. g4
Nxa4 16. Bh3 b5 17. g5 hxg5 18. Qxg5 Bd7 19. Bc1 b4 20. Qf4 Nf5 21. Bxf5 exf5
22. e6 Re8 23. Qd6+ Re7 24. Bg5 f6 25. Re3 Be8 26. h6 Qc7 27. Bf4 Qxd6 28. Bxd6
Rxh6 29. cxb4 f4 30. Rea3 f5 31. Bxe7+ Kxe7 32. Rxa4 Rxe6+ 33. Kd2 Bxa4 34.
Rxa4 a6 35. Nf3 Kf6 36. Ra5 Rd6 37. Rc5 g5 38. Ne5 g4 39. Rc6 Rxc6 40. Nxc6 f3
41. Nb8 f4 42. Ke1 g3 43. Kf1 g2+ 44. Kg1 Ke6 45. Nxa6 Kd6 46. b5 Kd7 47. Nb4
Kc7 48. Nxd5+ Kb7 49. c3 Ka7 50. Nxf4 Kb6 51. Nxg2 fxg2 52. Kxg2 Kxb5 53. Kf1
1-0

[Event "Zonal 2.5 Masculino Chile"]
[Site "Santiago de Chile CHI"]
[Date "2005.11.08"]
[Round "2.10"]
[White "Vargas, Ivan"]
[Black "Espinoza, Edgar"]
[Result "0-1"]
[WhiteElo "2213"]
[BlackElo "2256"]
[PlyCount "102"]
[EventDate "2005.11.07"]
[EventType "swiss"]
[EventRounds "9"]
[EventCountry "CHI"]
[Source "lmi"]
[SourceDate "2005.11.13"]

1. Nf3 c5 2. e4 a6 3. d4 cxd4 4. Nxd4 Nf6 5. Bd3 Qc7 6. c4 e6 7. O-O Be7 8. Kh1
Nc6 9. Nxc6 dxc6 10. f4 e5 11. f5 Bc5 12. Nd2 Bd4 13. Nb3 c5 14. Nxd4 cxd4 15.
Bg5 a5 16. Bxf6 gxf6 17. Qh5 h6 18. Rf3 Bd7 19. Rg3 Kf8 20. Rf1 Rh7 21. Qh4 Qc6
22. Rg6 fxg6 23. fxg6 Kg7 24. gxh7 Rf8 25. h8=Q+ Rxh8 26. Rf3 Be8 27. Qg4+ Bg6
28. Rg3 Qe8 29. c5 h5 30. Qf5 Rh6 31. Bc4 Qe7 32. Qc8 Qf8 33. Qxb7+ Kh8 34. Bd5
h4 35. Rf3 Bh5 36. Rf2 Rh7 37. Qb6 d3 38. Rxf6 Qe7 39. Qb8+ Kg7 40. Re6 Qg5 41.
Qc7+ Bf7 42. Qxf7+ Kxf7 43. Rxe5+ Kf6 44. Rxg5 Kxg5 45. c6 d2 46. Bb3 Kf4 47.
Kg1 Ke3 48. g4 h3 49. e5 Rc7 50. e6 Rxc6 51. Bd1 Rc1 0-1

[Event "Zonal 2.5 Masculino Chile"]
[Site "Santiago de Chile CHI"]
[Date "2005.11.08"]
[Round "2.11"]
[White "Valdes, Alvaro"]
[Black "San Martin, Epiro"]
[Result "1-0"]
[WhiteElo "2254"]
[BlackElo "2193"]
[PlyCount "103"]
[EventDate "2005.11.07"]
[EventType "swiss"]
[EventRounds "9"]
[EventCountry "CHI"]
[Source "lmi"]
[SourceDate "2005.11.13"]

1. c4 d6 2. Nc3 g6 3. g3 Bg7 4. Bg2 e5 5. d3 Nc6 6. Rb1 a5 7. e3 f5 8. Nge2 Nh6
9. a3 O-O 10. O-O Be6 11. Nd5 Na7 12. b4 axb4 13. axb4 c6 14. Ndc3 Nc8 15. b5
Ne7 16. Qb3 g5 17. bxc6 bxc6 18. f4 gxf4 19. exf4 Qa5 20. Kh1 Ng4 21. h3 Nf6
22. Be3 Qd8 23. fxe5 dxe5 24. Na4 Nd7 25. Nc5 Nxc5 26. Bxc5 Rc8 27. Qa3 Rf7 28.
Rb7 Ng6 29. Rxf7 Kxf7 30. Rb1 Qd7 31. Ng1 h5 32. Nf3 Bf6 33. Re1 f4 34. Bd6
Bxh3 35. Nxe5+ Bxe5 36. Bxe5 Bxg2+ 37. Kxg2 Nxe5 38. Rxe5 Rg8 39. Qc5 Rxg3+ 40.
Kf2 Kg6 41. d4 h4 42. Re7 Qc8 43. Qe5 Qf8 44. Re6+ Kh7 45. Qh5+ Kg8 46. Re8 h3
47. Rxf8+ Kxf8 48. Qh6+ Rg7 49. Qxh3 Ke7 50. Qh4+ Ke8 51. Qh6 Rc7 52. Qd6 1-0

[Event "Zonal 2.5 Masculino Chile"]
[Site "Santiago de Chile CHI"]
[Date "2005.11.08"]
[Round "2.12"]
[White "Sepulveda, Jorge"]
[Black "Silva, Rodolfo"]
[Result "1-0"]
[WhiteElo "2241"]
[BlackElo "2179"]
[PlyCount "33"]
[EventDate "2005.11.07"]
[EventType "swiss"]
[EventRounds "9"]
[EventCountry "CHI"]
[Source "lmi"]
[SourceDate "2005.11.13"]

1. e4 e6 2. d4 d5 3. Nd2 dxe4 4. Nxe4 Nd7 5. Nf3 Ngf6 6. Bd3 Nxe4 7. Bxe4 Nf6
8. Bd3 Bd6 9. Qe2 O-O 10. Bg5 c5 11. dxc5 Bxc5 12. O-O-O Qe7 13. Ne5 h6 14. h4
Qc7 15. Bxf6 gxf6 16. Qg4+ Kh8 17. Qf4 1-0

[Event "Zonal 2.5 Masculino Chile"]
[Site "Santiago de Chile CHI"]
[Date "2005.11.08"]
[Round "3.1"]
[White "Pierrot, Juan Facundo"]
[Black "Vasquez, Rodrigo"]
[Result "1/2-1/2"]
[WhiteElo "2445"]
[BlackElo "2506"]
[PlyCount "24"]
[EventDate "2005.11.07"]
[EventType "swiss"]
[EventRounds "9"]
[EventCountry "CHI"]
[Source "lmi"]
[SourceDate "2005.11.13"]

1. e4 e5 2. Nf3 Nc6 3. Bb5 g6 4. O-O Bg7 5. c3 a6 6. Ba4 d6 7. d4 Bd7 8. dxe5
Nxe5 9. Nxe5 Bxe5 10. Nd2 Bg7 11. Re1 Ne7 12. Nf3 O-O 1/2-1/2

[Event "Zonal 2.5 Masculino Chile"]
[Site "Santiago de Chile CHI"]
[Date "2005.11.08"]
[Round "3.3"]
[White "Needleman, Alejandro"]
[Black "Flores, Mauricio"]
[Result "1/2-1/2"]
[WhiteElo "2377"]
[BlackElo "2314"]
[PlyCount "32"]
[EventDate "2005.11.07"]
[EventType "swiss"]
[EventRounds "9"]
[EventCountry "CHI"]
[Source "lmi"]
[SourceDate "2005.11.13"]

1. Nf3 Nf6 2. g3 d6 3. d4 g6 4. Bg2 Bg7 5. O-O O-O 6. a4 c6 7. Nbd2 Nbd7 8. e4
Qc7 9. Re1 e5 10. c3 Re8 11. h3 h6 12. a5 Rb8 13. Nc4 b5 14. axb6 axb6 15. dxe5
dxe5 16. b4 Bf8 1/2-1/2

[Event "Zonal 2.5 Masculino Chile"]
[Site "Santiago de Chile CHI"]
[Date "2005.11.08"]
[Round "3.4"]
[White "Lafuente, Pablo"]
[Black "Giaccio, Alfredo"]
[Result "1-0"]
[WhiteElo "2421"]
[BlackElo "2468"]
[PlyCount "61"]
[EventDate "2005.11.07"]
[EventType "swiss"]
[EventRounds "9"]
[EventCountry "CHI"]
[Source "lmi"]
[SourceDate "2005.11.13"]

1. d4 d5 2. c4 c6 3. Nc3 e6 4. Nf3 dxc4 5. g3 b5 6. Bg2 Bb7 7. O-O Nd7 8. e4
Ngf6 9. Re1 Be7 10. a4 a6 11. Bf4 O-O 12. Qc2 Re8 13. Rad1 Qb6 14. h3 Rac8 15.
Ne5 Rcd8 16. Be3 c5 17. Nxd7 Rxd7 18. d5 exd5 19. e5 Nh5 20. Nxd5 Bxd5 21. Bxd5
Red8 22. Bxf7+ Kxf7 23. Qf5+ Ke8 24. e6 Nf6 25. exd7+ Rxd7 26. Rxd7 Nxd7 27.
Bg5 Nf6 28. Re6 Qd8 29. Bxf6 gxf6 30. Qxh7 b4 31. Re1 1-0